000 00489nam a2200205Ia 4500
008 240510s9999 xx 000 0 und d
020 _a0000134743881
041 _aEng
082 _a004
082 _bM55
100 _aMONTGOMERY A.Y. & JULIFF P.L.
245 0 _aINTRODUCTION TO COMPUTER SCIENCE
250 _a2nd ed.
260 _bSINGAPORE : PRINTICE HALL
260 _c1986
300 _a552 p.
650 _aCOMPUTER SCIENCE : COMPUTING
942 _2ddc
942 _cLBK
999 _c24750
_d24750
945 _a1
_bMadushi Gamage
_c1
_dMadushi Gamage